000 00307nam a2200133Ia 4500
100 _aHeldt/ P.M./ Arora/ B.D.
942 _cBK
654 _acombustion engine
245 _aHigh speed combustion engine
260 _bOxford & IBH
_aCalcutta
_c1965
082 _a621.43
300 _a805
546 _aENGLISH
999 _c28836
_d28836